| 000 | 004840000a22001810004500 | ||
|---|---|---|---|
| 003 | MACL | ||
| 005 | 20150707132115.0 | ||
| 008 | 150707b xxu||||| |||| 00| 0 eng d | ||
| 040 |
_aMACL _cMACL |
||
| 041 | _aEnglish | ||
| 082 | _a320/HUS | ||
| 100 |
_aHusain, M G _91086 |
||
| 245 |
_aMuslim Identity and Islam _bMisinterpreted in the contemporary World |
||
| 260 |
_bManak Publications _c2007 _aNew Delhi |
||
| 350 | _a700 | ||
| 650 |
_aPolitical Science _988 |
||
| 942 |
_cBK _k320 _2ddc |
||
| 999 |
_c8723 _d8723 |
||